| 000 | 00883cam a22002894a 4500 | ||
|---|---|---|---|
| 999 |
_c7 _d7 |
||
| 001 | 000912792 | ||
| 003 | MCM | ||
| 005 | 20190826112919.0 | ||
| 008 | 990302s2000 njua b 001 0 eng | ||
| 020 | _a0132808684 | ||
| 040 |
_aDLC _cDLC _dC#P _dMYG |
||
| 042 | _apcc | ||
| 082 | 0 | 0 | _a621.3815 G2859 |
| 100 | 1 | _aGayakwad, Ramakant A. | |
| 245 | 1 | 0 |
_aOp-amps and linear integrated circuits / _cRamakant A. Gayakwad. |
| 250 | _a4th ed. | ||
| 260 |
_aUpper Saddle River, N.J. : _bPrentice Hall, _cc2000. |
||
| 300 |
_axv, 543 p. : _bill. ; _c25 cm. |
||
| 504 | _aIncludes bibliographical references (p. 536) and index. | ||
| 650 | 0 | _aOperational amplifiers. | |
| 650 | 0 | _aLinear integrated circuits. | |
| 910 | _asa991221 | ||
| 942 |
_2ddc _cBK |
||
| 949 |
_ae _p39080016101914 |
||